[Event "18th ch-EUR Indiv 2017"]
[Site "Minsk BLR"]
[Date "2017.06.06"]
[Round "7.77"]
[White "Goryachkina,A"]
[Black "Bortnyk,Olexandr"]
[Result "0-1"]
[WhiteElo "2470"]
[BlackElo "2567"]

1.d4 Nf6 2.c4 b6 3.Nc3 Bb7 4.Qc2 e6 5.e4 Bb4 6.Bd3 c5 7.d5 b5 8.Ne2 exd5
9.exd5 bxc4 10.Bxc4 Nxd5 11.Qe4+ Qe7 12.O-O Qxe4 13.Nxe4 O-O 14.Nd6 Bc6 15.b3
Nb6 16.Bb2 Nxc4 17.bxc4 Na6 18.Ng3 f6 19.Rad1 Nc7 20.Ngf5 Kh8 21.h4 Ba4 22.Rd3
Bc2 23.Rg3 Ne6 24.Rc1 Ba4 25.h5 Bd2 26.Rf1 Bf4 27.Ra3 Bc6 28.Rd1 Rfb8 29.Ba1
h6 30.g3 Bxd6 31.Nxd6 Rb6 32.f3 Rab8 33.Kf2 Rb1 34.Rad3 Ba4 35.Rxb1 Rxb1
36.Bc3 Rh1 37.Kg2 Rc1 38.a3 Rc2+ 39.Kf1 Bc6 40.Nf5 Ng5 41.Nh4 d5 42.Bd2 d4
43.Rb3 Bxf3 44.Rxf3 Nxf3 45.Nxf3 Rxc4 46.Ke2 Rc2 47.Kd3 Ra2 48.Bc1 Rf2 49.Nd2
Rh2 50.Ne4 Rxh5 51.Bf4 Rh1 52.Nxc5 Rd1+ 53.Kc4 h5 54.Nd3 Ra1 55.Bd6 g5 56.Kxd4
Kg7 57.Ke4 Kf7 58.Bc5 a6 59.Bb4 Kg6 60.Bd6 Rd1 61.Bc5 Rh1 62.Nf2 Rg1 63.Bd6
f5+ 64.Kf3 f4 65.gxf4 g4+ 66.Ke2 h4 67.Bc5 Kf5 68.Nd1 Rxd1 {#R} 0-1

[Event "CHN Team Men 2017"]
[Site "Beijing CHN"]
[Date "2017.06.09"]
[Round "4.2"]
[White "Xiu Deshun"]
[Black "Liu Qingnan"]
[Result "0-1"]
[WhiteElo "2554"]
[BlackElo "2503"]
[EventType "team"]

1.d4 Nf6 2.c4 c6 3.Nc3 d5 4.cxd5 cxd5 5.Bf4 Nc6 6.e3 Bf5 7.Qb3 Na5 8.Qa4+ Bd7
9.Qc2 Rc8 10.Nf3 e6 11.Bd3 Nc4 12.O-O Bd6 13.Bxd6 Nxd6 14.Qb3 Qb6 15.Ne5 Qxb3
16.axb3 a6 17.Rfc1 Ke7 18.f3 Bb5 19.Nxb5 Nxb5 20.Bxb5 axb5 21.Rc5 Rxc5 22.dxc5
Nd7 23.Nd3 Rc8 24.b4 Kd8 25.Ra5 Kc7 26.Ne1 Ne5 27.Nc2 Nc6 28.Ra1 e5 29.Na3
Nxb4 30.Nxb5+ Kd7 31.Ra4 Nc2 32.b4 Nxe3 33.Nd6 Rc7 34.Nb5 Rc8 35.Nd6 Rb8
36.Kf2 Nd1+ 37.Ke1 Nb2 38.Ra3 b6 39.Kd2 bxc5 40.bxc5 Kc6 41.Ra5 f5 42.f4 e4
43.Kc3 g6 44.Nf7 Nc4 45.Ne5+ Nxe5 46.fxe5 Rb5 47.Rxb5 Kxb5 48.e6 Kc6 49.Kd4 f4
50.h4 h6 51.Ke5 f3 52.e7 Kd7 53.gxf3 exf3 54.Kf6 f2 55.c6+ Ke8 {#R} 0-1

[Event "CHN Team Men 2017"]
[Site "Beijing CHN"]
[Date "2017.06.11"]
[Round "6.2"]
[White "Ju Wenjun"]
[Black "Li Chao2"]
[Result "0-1"]
[WhiteElo "2583"]
[BlackElo "2720"]
[EventType "team"]

1.d4 Nf6 2.c4 b6 3.Nc3 Bb7 4.f3 d5 5.cxd5 Nxd5 6.e4 Nxc3 7.bxc3 e5 8.Be3 Be7
9.dxe5 Nd7 10.Qa4 c6 11.Rd1 b5 12.Qb3 Qa5 13.f4 O-O-O 14.Nf3 Nc5 15.Bxc5 Bxc5
16.Bd3 Rd7 17.Ke2 Rhd8 18.Rhf1 h6 19.f5 Qc7 20.g3 a5 21.a4 bxa4 22.Qxa4 Qb6
23.Qc2 Ba6 24.Bxa6+ Qxa6+ 25.c4 a4 26.Rxd7 Rxd7 27.Ra1 a3 28.Ra2 Rb7 29.e6
fxe6 30.fxe6 Re7 31.e5 Rxe6 32.Kf1 Re7 33.Kg2 Kc7 34.Ra1 Qa5 35.Qd3 Rd7 36.Qc2
Bb4 37.Ra2 Bc3 38.Qe4 Bb2 39.e6 Re7 40.Qf4+ Kb7 41.Nd4 Qb4 42.Qb8+ Kxb8
43.Nxc6+ Kb7 44.Nxb4 Rxe6 45.Kf3 Rb6 46.Nd3 Rb3 47.Ke2 Kc6 48.Kd2 Rxd3+
49.Kxd3 Kc5 50.h4 Kb4 51.g4 Kb3 52.Rxa3+ Bxa3 53.Kd4 Be7 54.h5 Kb4 55.Kd5 Bc5
56.Ke5 Kxc4 57.Kf5 Be7 58.Kg6 Bf6 {#R} 0-1

[Event "12th American Continental"]
[Site "Medellin COL"]
[Date "2017.06.11"]
[Round "2.27"]
[White "Arango Arenas,Juan Camilo"]
[Black "Cuartas,Ja"]
[Result "0-1"]
[WhiteElo "2198"]
[BlackElo "2492"]

1.d4 Nf6 2.c4 e5 3.dxe5 Ng4 4.Bf4 g5 5.Bg3 Bg7 6.Nf3 Nc6 7.Nc3 Ngxe5 8.e4 d6
9.Be2 Be6 10.Nxe5 dxe5 11.Nd5 Qd7 12.h4 O-O-O 13.Qa4 h6 14.Rd1 Kb8 15.Qb5 Qe8
16.O-O gxh4 17.Bxh4 Nd4 18.Rxd4 Qxb5 19.cxb5 exd4 20.Bxd8 Rxd8 21.Bf3 Be5
22.b3 f5 23.Nb4 d3 24.Rd1 fxe4 25.Bxe4 d2 26.Nd3 Bc3 27.Nc5 Bg4 28.Bf3 Bf5
29.Ne4 Bb4 30.a3 Bxe4 31.Bxe4 Bxa3 32.Kf1 Rd4 33.f3 Bb4 34.Ke2 Rd6 35.Rh1 a6
36.bxa6 Rxa6 37.Rh5 Ra1 38.Bc2 Rc1 39.Kf2 {#R} 0-1

[Event "21st Voronezh Master Open"]
[Site "Voronezh RUS"]
[Date "2017.06.12"]
[Round "1.6"]
[White "Ovchinnikov,Vsevolod"]
[Black "Rozum,I"]
[Result "1-0"]
[WhiteElo "2325"]
[BlackElo "2599"]

1.d4 Nf6 2.c4 c5 3.d5 e5 4.Nc3 d6 5.e4 Be7 6.Bd3 Nbd7 7.Nge2 O-O 8.Be3 Ng4
9.Bd2 Bg5 10.h3 Bxd2+ 11.Qxd2 Ngf6 12.g4 Ne8 13.Ng3 Nc7 14.a4 Nb8 15.Be2 Nba6
16.Qe3 Nb4 17.Kd2 g6 18.h4 Qf6 19.Bf3 Bd7 20.h5 g5 21.h6 Kh8 22.Rh5 Rg8 23.Nf5
Ne8 24.Be2 Qd8 25.Rh3 Rg6 26.Rhh1 Bc8 27.Ra3 Nf6 28.Raa1 Ng8 29.Rh5 Na6 30.Nb5
Nb8 31.Nbxd6 Rxd6 32.Nxd6 Qxd6 33.Qxg5 Qg6 34.Qxg6 hxg6 35.Rxe5 Bd7 36.g5 Na6
37.f4 Rf8 38.Rh1 Kh7 39.b3 f6 40.gxf6 Rxf6 41.Ke3 Nb4 42.Bd1 Rxf4 43.Re7+ Nxe7
44.Kxf4 Nd3+ 45.Kg5 Nf2 46.Re1 Ng8 47.e5 Nh3+ 48.Kh4 Bf5 49.Bg4 Nf4 50.Kg5 Nd3
51.Bxf5 Nxe1 52.Bxg6+ Kh8 53.Be4 {#r} 1-0

[Event "12th American Continental"]
[Site "Medellin COL"]
[Date "2017.06.10"]
[Round "1.33"]
[White "Tang,Andrew"]
[Black "Gomez Barrero,S"]
[Result "1-0"]
[WhiteElo "2461"]
[BlackElo "2023"]

1.d4 Nf6 2.c4 c5 3.d5 b5 4.cxb5 a6 5.e3 g6 6.Nc3 Bg7 7.Nf3 O-O 8.a4 d6 9.e4
Qa5 10.Bd2 Nbd7 11.Ra3 Bb7 12.Qc2 Ng4 13.Be2 Nge5 14.Nxe5 Bxe5 15.O-O Qd8
16.h3 e6 17.dxe6 fxe6 18.bxa6 Bxa6 19.Nb5 d5 20.exd5 exd5 21.Bh6 Rf7 22.Bg4
Qe7 23.Re3 Bxb5 24.axb5 Qf6 25.Rfe1 Re8 26.Bxd7 Rxd7 27.Qxc5 g5 {#r} 1-0

[Event "10th Mayors Cup Open 2017"]
[Site "Mumbai IND"]
[Date "2017.06.09"]
[Round "8.17"]
[White "Moksh,Amit Doshi"]
[Black "Navalgund,N"]
[Result "0-1"]
[WhiteElo "2188"]
[BlackElo "2351"]

1.d4 Nf6 2.c4 c5 3.d5 b5 4.Qc2 bxc4 5.e4 e6 6.Nc3 d6 7.Bxc4 exd5 8.exd5 Be7
9.Nge2 O-O 10.O-O Nbd7 11.Nf4 Nb6 12.Be2 Bb7 13.Bf3 Rb8 14.Rd1 Re8 15.b3 Bf8
16.Bb2 g6 17.Nfe2 Bg7 18.Ng3 h5 19.h3 h4 20.Nf1 Nfd7 21.Ne3 Ne5 22.Be2 f5
23.f4 Nf3+ 24.Bxf3 Rxe3 25.Ne2 Qe7 26.Bxg7 Kxg7 27.Rd3 Re8 28.Qc3+ Kh7 29.Rxe3
Qxe3+ 30.Qxe3 Rxe3 31.Rd1 Ba6 32.Kf2 Bxe2 33.Bxe2 Re4 34.Bf3 Re7 35.a3 Kg7
36.Re1 Rxe1 37.Kxe1 g5 38.fxg5 Kg6 39.Kd2 Kxg5 40.Ke3 a5 41.a4 Kf6 42.Kf4 c4
43.bxc4 Nxa4 44.Bd1 Nc3 45.Bc2 a4 {#R} 0-1

[Event "12th Teplice Open 2017"]
[Site "Teplice CZE"]
[Date "2017.06.10"]
[Round "1.4"]
[White "Turov,M"]
[Black "Kolasinski,K"]
[Result "1-0"]
[WhiteElo "2595"]
[BlackElo "2052"]

1.d4 Nf6 2.c4 c5 3.d5 b5 4.cxb5 a6 5.e3 axb5 6.Bxb5 Ba6 7.Bxa6 Nxa6 8.Nc3 g6
9.e4 d6 10.Nf3 Bg7 11.O-O O-O 12.Qe2 Nd7 13.Bf4 Qb6 14.e5 dxe5 15.Nxe5 Nxe5
16.Bxe5 Bxe5 17.Qxe5 Ra7 18.Ne4 f6 19.Qc3 Rb8 20.b3 Qb4 21.Qc2 f5 22.Ng5 Nc7
23.Qe2 h6 24.Ne6 Nxd5 25.Qe5 Nf6 26.Nxc5 Rb5 27.Rac1 Rb6 28.a3 Qb5 29.b4 Qe8
30.Rc3 Qf7 31.Rd3 Kh7 32.h3 Ne8 33.Rd8 Rd6 34.Rb8 Rd5 35.Qc3 f4 36.Re1 Ng7
37.Ne6 g5 38.Rf8 Qg6 39.Qc8 Ra8 {#r} 1-0

[Event "12th Teplice Open 2017"]
[Site "Teplice CZE"]
[Date "2017.06.10"]
[Round "1.6"]
[White "Vorobiov,E"]
[Black "Popper,T"]
[Result "1-0"]
[WhiteElo "2591"]
[BlackElo "2048"]

1.d4 Nf6 2.c4 c5 3.d5 e6 4.Nc3 exd5 5.cxd5 d6 6.Nf3 Be7 7.h3 O-O 8.e4 Nbd7
9.Bd3 a6 10.a4 Re8 11.O-O Bf8 12.Re1 g6 13.Bf4 Qc7 14.Bf1 Nh5 15.Bh2 Bg7 16.g4
Nhf6 17.Nd2 h5 18.g5 Nh7 19.f4 b6 20.Rc1 Bd4+ 21.Kh1 Bg7 22.Nf3 Qd8 23.Qd2
Ndf8 24.Bg2 Ra7 25.e5 Rae7 26.Ne4 dxe5 27.fxe5 Nd7 28.Nf6+ Nhxf6 29.gxf6 Nxf6
30.exf6 Rxe1+ 31.Rxe1 Bxf6 32.d6 Bd7 33.Be5 Re6 34.Bxf6 Qxf6 35.Rxe6 Qxe6
36.Ng5 Qf5 37.Ne4 Qe5 38.Qc3 Qxc3 39.Nxc3 Kf8 40.Kh2 b5 41.Ne4 c4 42.Nc5 Ke8
43.a5 b4 44.Nxa6 c3 45.bxc3 bxc3 46.Be4 f5 47.Bc2 h4 48.Nc5 Bc6 49.a6 Kd8
50.a7 Kc8 51.Ba4 {#r} 1-0

[Event "18th ch-EUR Indiv 2017"]
[Site "Minsk BLR"]
[Date "2017.06.10"]
[Round "11.66"]
[White "Kozul,Z"]
[Black "Meskovs,N"]
[Result "0-1"]
[WhiteElo "2617"]
[BlackElo "2504"]

1.d4 Nf6 2.c4 e6 3.Nf3 c5 4.d5 exd5 5.cxd5 d6 6.Nc3 g6 7.Bf4 Bg7 8.h3 O-O 9.e3
a6 10.a4 Ne8 11.Bc4 Nd7 12.O-O Qe7 13.Re1 h6 14.e4 g5 15.Bg3 Rb8 16.Qd2 Ne5
17.Nxe5 Bxe5 18.Bxe5 Qxe5 19.a5 b5 20.axb6 Rxb6 21.b3 Nf6 22.Re3 Nh5 23.Rae1
Bd7 24.Nd1 Nf4 25.Nb2 Rfb8 26.h4 g4 27.g3 Ng6 28.Be2 Rxb3 29.Rxb3 Rxb3 30.Nc4
Qd4 31.Qxd4 cxd4 32.Rd1 Bb5 33.Bf1 Bxc4 34.Bxc4 Ra3 35.Be2 Ne5 36.Rxd4 a5
37.Kf1 Ra2 38.Bd1 Kg7 39.Ra4 Rxa4 40.Bxa4 Nd3 41.Bd1 Kf6 42.Be2 Nc5 {#R} 0-1

[Event "12th American Continental"]
[Site "Medellin COL"]
[Date "2017.06.11"]
[Round "2.39"]
[White "Oussedik,E"]
[Black "Martinez Romero,M"]
[Result "0-1"]
[WhiteElo "2155"]
[BlackElo "2427"]

1.d4 Nf6 2.c4 e6 3.Nf3 c5 4.d5 exd5 5.cxd5 d6 6.Nc3 g6 7.h3 Bg7 8.e4 O-O 9.Bd3
Na6 10.O-O Re8 11.Re1 Nc7 12.a4 Rb8 13.Bf4 a6 14.a5 b5 15.axb6 Rxb6 16.Ra2 Nb5
17.Bd2 Nd7 18.Nb1 Ne5 19.Nxe5 Bxe5 20.f4 Bd4+ 21.Kh1 Nc7 22.Re2 f5 23.Na3 fxe4
24.Bxe4 Rxb2 25.Rxb2 Bxb2 26.Nc4 Bd4 27.Qf1 Bf5 28.Qf3 Bxe4 29.Rxe4 Rxe4
30.Qxe4 Qe8 31.Qb1 Qb5 32.Qc1 Nxd5 33.f5 Nc3 34.fxg6 Qxc4 35.gxh7+ Kxh7 {#R}
0-1

[Event "12th Teplice Open 2017"]
[Site "Teplice CZE"]
[Date "2017.06.10"]
[Round "1.8"]
[White "Babula,V"]
[Black "Bulockin,Martin"]
[Result "1-0"]
[WhiteElo "2552"]
[BlackElo "2042"]

1.d4 Nf6 2.c4 c5 3.d5 e6 4.Nc3 exd5 5.cxd5 d6 6.Nf3 g6 7.Nd2 Bg7 8.e4 O-O
9.Be2 a6 10.a4 Re8 11.O-O Nbd7 12.Ra3 Qc7 13.Qc2 Rb8 14.a5 Ne5 15.f4 Ned7
16.Kh1 h5 17.h3 Nf8 18.Nc4 N6d7 19.Na4 Bd4 20.Raf3 Nf6 21.Bd3 Bd7 22.Nab6 Bb5
23.f5 N8h7 24.fxg6 fxg6 25.e5 Bxc4 26.Nxc4 Rxe5 27.Nxe5 Bxe5 28.Bxg6 Qe7
29.Bf4 Bxf4 30.Rxf4 Rf8 31.Bxh7+ Nxh7 32.Qg6+ {#r} 1-0

[Event "10th Mayors Cup Open 2017"]
[Site "Mumbai IND"]
[Date "2017.06.09"]
[Round "8.7"]
[White "Babujian,L"]
[Black "Amonatov,F"]
[Result "0-1"]
[WhiteElo "2438"]
[BlackElo "2632"]

1.d4 Nf6 2.g3 c5 3.d5 e6 4.c4 d6 5.Bg2 exd5 6.cxd5 g6 7.Nc3 Bg7 8.Nf3 O-O
9.O-O Re8 10.Nd2 b6 11.a4 Nbd7 12.Nb5 Ne5 13.f4 Neg4 14.Nc4 Ne4 15.Bxe4 Rxe4
16.Ncxd6 Bd4+ 17.Kg2 Qe7 18.Re1 Bf2 19.Nxc8 Rxc8 20.Rf1 Be3 21.d6 Qb7 22.Rf3
Bxc1 23.Rxc1 Ne3+ 24.Rxe3 Rxe3+ 25.Kf2 Re6 26.b4 Rd8 27.bxc5 bxc5 28.Rxc5 a6
29.f5 gxf5 30.Qc1 h6 31.Nd4 Rexd6 32.Nxf5 Rf6 33.Qc4 Kh7 34.a5 Qd7 35.Kg2 Qb7+
36.Kh3 Qh1 37.Qf4 Re8 38.Qf3 Qd1 39.Rc6 Rxc6 40.Qxc6 Re6 41.Qc5 Qf1+ 42.Kh4
Qxe2 43.h3 Re4+ 44.g4 Rxg4+ {#R} 0-1

[Event "12th American Continental"]
[Site "Medellin COL"]
[Date "2017.06.10"]
[Round "1.31"]
[White "Molina,Rob"]
[Black "Andrade Truyol,Geiner Jose"]
[Result "1-0"]
[WhiteElo "2464"]
[BlackElo "2027"]

1.d4 Nf6 2.c4 c5 3.d5 e6 4.Nc3 exd5 5.cxd5 d6 6.e4 g6 7.f4 Bg7 8.Bb5+ Nfd7
9.Nf3 O-O 10.O-O Na6 11.Re1 Nc7 12.Bf1 Re8 13.a4 a6 14.Qc2 Rb8 15.b3 b5 16.Bb2
Nf6 17.axb5 axb5 18.Nd1 Bg4 19.Ne3 Bxf3 20.gxf3 Nh5 21.Bxg7 Nxg7 22.Qb2 h5
23.Kh1 Rb7 24.Bh3 Qh4 25.Bd7 {#r} 1-0

[Event "9th Lublin GM 2017"]
[Site "Lublin POL"]
[Date "2017.06.06"]
[Round "4.4"]
[White "Natsidis,C"]
[Black "Molenda,Marcin"]
[Result "1-0"]
[WhiteElo "2312"]
[BlackElo "2421"]

1.d4 Nf6 2.c4 c5 3.d5 e6 4.Nc3 exd5 5.cxd5 d6 6.e4 g6 7.Nge2 a6 8.a4 Bg7 9.Ng3
O-O 10.Be2 Nbd7 11.O-O Re8 12.Bg5 Qc7 13.Qd2 Rb8 14.Rfc1 c4 15.Rab1 b5 16.axb5
axb5 17.b4 Ne5 18.h3 Ned7 19.Ra1 Rb7 20.Ra5 Qb8 21.Rca1 Ne5 22.R1a3 h5 23.Be3
Kh7 24.f4 Ned7 25.Bf3 Nf8 26.e5 dxe5 27.d6 Rb6 28.fxe5 Rxe5 29.Bc5 Bh6 30.Qf2
Rxd6 31.Ra8 Qc7 32.Nxb5 Qe7 33.Nxd6 Re1+ 34.Nf1 Bd7 35.Ne8 {#r} 1-0

[Event "CHN Team Women 2017"]
[Site "Beijing CHN"]
[Date "2017.06.07"]
[Round "2.5"]
[White "Yang,Yijing"]
[Black "Xu Tong"]
[Result "0-1"]
[WhiteElo "2014"]
[BlackElo "2176"]
[EventType "team"]

1.d4 Nf6 2.c4 g6 3.Nc3 Bg7 4.e4 d6 5.Nf3 O-O 6.Be2 c5 7.d5 e6 8.O-O exd5
9.cxd5 Re8 10.Nd2 Na6 11.f3 Nc7 12.a4 b6 13.Nc4 Ba6 14.Bg5 Bxc4 15.Bxc4 a6
16.Qd3 h6 17.Bh4 Qd7 18.Rfb1 Nh5 19.Ra3 Nf4 20.Qf1 g5 21.Bg3 Bd4+ 22.Bf2 Bxc3
23.bxc3 b5 24.axb5 axb5 25.Rxa8 Rxa8 26.Bxb5 Nxb5 27.Rxb5 Ra2 28.Rb1 Rc2
29.Qd1 Qa4 30.h4 Qa2 31.Qf1 Kg7 32.Ra1 Qb2 33.Rb1 Qxc3 34.hxg5 hxg5 35.Qe1
Ne2+ 36.Kf1 Qc4 37.Ra1 Kg6 38.Be3 Nf4+ 39.Kg1 Nxg2 40.Qg3 Nxe3 41.Qxd6+ f6
42.Qf8 Rc1+ 43.Kf2 Qc2+ 44.Kxe3 Qc3+ 45.Kf2 Rc2+ 46.Kg3 Qe5+ {#R} 0-1

[Event "18th ch-EUR Indiv 2017"]
[Site "Minsk BLR"]
[Date "2017.06.06"]
[Round "7.87"]
[White "Gorovets,A"]
[Black "Filipets,Egor"]
[Result "1-0"]
[WhiteElo "2524"]
[BlackElo "2328"]

1.d4 f5 2.Nc3 Nf6 3.Bg5 d5 4.Bxf6 exf6 5.e3 Be6 6.Bd3 Nc6 7.a3 Qd7 8.Nge2 g5
9.f4 Bd6 10.O-O O-O-O 11.Na4 Qe7 12.Qd2 Rhf8 13.b4 Rde8 14.Rae1 Kb8 15.Nc5 Bc8
16.Ng3 gxf4 17.exf4 Qg7 18.Nxf5 Qg4 19.h3 Qg8 20.Qf2 Ne7 21.Nxe7 Bxe7 22.Qh4
Rf7 23.Re2 Bxc5 24.dxc5 Rxe2 25.Bxe2 Bf5 26.Bd3 Qg6 27.Bxf5 Qxf5 28.Re1 a5
29.Re8+ Ka7 30.Qf2 c6 31.b5 cxb5 32.g4 Qg6 33.Qd2 b4 34.axb4 Rd7 35.Re6 Qg8
36.f5 Qb8 37.Kg2 axb4 38.Qd4 {#r} 1-0

[Event "12th American Continental"]
[Site "Medellin COL"]
[Date "2017.06.11"]
[Round "2.10"]
[White "Fier,A"]
[Black "Franco Valencia,A"]
[Result "1-0"]
[WhiteElo "2576"]
[BlackElo "2286"]

1.d4 f5 2.b3 Nf6 3.Bb2 e6 4.Nf3 Bb4+ 5.c3 Be7 6.e3 O-O 7.Bd3 b6 8.O-O Bb7 9.c4
Ne4 10.Nbd2 d5 11.Ne5 Nd7 12.Ndf3 Ndf6 13.Qc2 Bd6 14.Ne1 c5 15.f3 Ng5 16.Rd1
Qc7 17.Qe2 Rad8 18.Nc2 Bxe5 19.dxe5 Nd7 20.h4 Nf7 21.f4 Nh6 22.Na3 Nb8 23.Nb5
Qe7 24.g3 Ba8 25.Nd6 Nf7 26.cxd5 Nxd6 27.exd6 Rxd6 28.dxe6 Qb7 29.e4 Rxd3
30.Qxd3 fxe4 31.Qe3 Qe7 32.f5 Bc6 33.Be5 {#r} 1-0

[Event "8th Dolomiti Open 2017"]
[Site "Forni di Sopra ITA"]
[Date "2017.06.12"]
[Round "3.8"]
[White "Vezzosi,P"]
[Black "Denoyelle,A"]
[Result "1-0"]
[WhiteElo "2333"]
[BlackElo "2188"]

1.d4 f5 2.Nf3 g6 3.g3 Bg7 4.Bg2 d6 5.c4 Nc6 6.d5 Ne5 7.Nxe5 dxe5 8.e4 Nf6
9.Nc3 O-O 10.O-O f4 11.gxf4 exf4 12.e5 Ng4 13.e6 Ne5 14.Qb3 f3 15.Bh3 g5
16.Re1 Qe8 17.Ne4 Qh5 18.Bf1 g4 19.Qe3 h6 20.Bd2 Ng6 21.Ng3 Qh4 22.Qe4 Rf6
23.Nf5 Qh5 24.Nxg7 Kxg7 25.Bc3 b6 26.Bd3 Ba6 27.Bxf6+ Kxf6 28.Qd4+ Kg5 29.Qg7
{#r} 1-0

[Event "44th OKU 2017"]
[Site "Utrecht NED"]
[Date "2017.06.10"]
[Round "3.14"]
[White "Boogaard,Sander"]
[Black "De Rooy,R"]
[Result "0-1"]
[WhiteElo "2046"]
[BlackElo "2176"]

1.d4 f5 2.g4 fxg4 3.e4 d5 4.Nc3 dxe4 5.Nge2 Nf6 6.Bg2 Bf5 7.Ng3 e6 8.Ncxe4 Nc6
9.Be3 Qd7 10.Nxf6+ gxf6 11.Nxf5 exf5 12.Qd2 O-O-O 13.O-O-O h5 14.h4 Nb4 15.a3
Nd5 16.Qa5 a6 17.Rd3 Qb5 18.Qd2 f4 19.Rb3 fxe3 20.fxe3 Qc4 21.Qf2 Bh6 22.Kb1
b6 23.Qf5+ Kb8 24.Rb4 Nxb4 25.axb4 Rhe8 26.Qxh5 Bxe3 27.Qxg4 {#R} 0-1

[Event "44th OKU 2017"]
[Site "Utrecht NED"]
[Date "2017.06.10"]
[Round "4.3"]
[White "Konings,F"]
[Black "Pruijssers,R"]
[Result "0-1"]
[WhiteElo "2244"]
[BlackElo "2502"]

1.d4 f5 2.Nf3 Nf6 3.g3 g6 4.Bg2 Bg7 5.O-O O-O 6.b3 a5 7.c4 e6 8.Ba3 d6 9.Nbd2
Nc6 10.Qc2 Nb4 11.Qb1 e5 12.dxe5 dxe5 13.Rd1 Qe7 14.Bb2 e4 15.Ne5 Nh5 16.f4 g5
17.e3 gxf4 18.gxf4 Bxe5 19.Bxe5 Nd3 20.Bc3 Nhxf4 {#R} 0-1

[Event "CHN Team Women 2017"]
[Site "Beijing CHN"]
[Date "2017.06.10"]
[Round "5.2"]
[White "Yuan,Ye"]
[Black "Zhu,Jiner"]
[Result "1-0"]
[WhiteElo "2292"]
[BlackElo "2176"]
[EventType "team"]

1.d4 f5 2.Nc3 Nf6 3.Bg5 d5 4.Bxf6 exf6 5.e3 Be6 6.Bb5+ Nc6 7.Nge2 Qd7 8.Nf4
Bf7 9.Qf3 O-O-O 10.O-O-O a6 11.Bxc6 Qxc6 12.Nd3 g6 13.h3 h5 14.g4 hxg4 15.hxg4
Rxh1 16.Rxh1 Be6 17.gxf5 Bxf5 18.Nf4 Bb4 19.Nfxd5 Kb8 20.e4 Bxc3 21.Nxc3 Rxd4
22.Rh8+ Bc8 23.Nd5 Qe6 24.Qc3 Rxe4 25.Qxc7+ Ka7 26.Ne3 Rxe3 27.Qc5+ Kb8
28.Qxe3 Qf5 29.b3 g5 30.Rf8 g4 31.Kb2 a5 32.Qd4 a4 33.Rxf6 a3+ 34.Kb1 Qa5
35.Qf4+ Ka7 36.Qa4 Qxa4 37.bxa4 Bd7 38.a5 Bc6 39.Rd6 Ka6 40.Rd4 Kxa5 41.Rxg4
b5 42.Rg6 Be4 43.Re6 Bh7 44.f4 Kb4 45.Re5 Kc3 46.Rc5+ Kb4 47.Rh5 Be4 48.Re5
Bh7 49.f5 {#r} 1-0

[Event "9th Lublin GM 2017"]
[Site "Lublin POL"]
[Date "2017.06.08"]
[Round "7.1"]
[White "Molenda,Marcin"]
[Black "Nguyen,P"]
[Result "1-0"]
[WhiteElo "2421"]
[BlackElo "2438"]

1.c4 g6 2.Nf3 Bg7 3.d4 f5 4.g3 Nf6 5.Bg2 O-O 6.O-O d6 7.b3 e5 8.Nc3 Qe7 9.Bb2
e4 10.Ne1 Nc6 11.Nc2 Nd8 12.Qd2 Nf7 13.f4 Bd7 14.d5 c5 15.dxc6 bxc6 16.Ne3 a5
17.Rfd1 Rfd8 18.Na4 Be6 19.Bc3 Qc7 20.Qb2 Ne8 21.Bxg7 Nxg7 22.Rd2 Qa7 23.Qd4
Qxd4 24.Rxd4 Kf8 25.Rad1 Ke7 26.c5 d5 27.Nb6 Ra7 28.Ra4 Rb8 29.b4 Nd8 30.Nc2
Bd7 31.Nd4 Rbb7 32.bxa5 Rc7 33.e3 Bc8 34.Nxc8+ Rxc8 35.a6 Nge6 36.Ra5 Rb8
37.Nb3 Nc7 38.Bf1 Rba8 39.Rd4 Rb8 40.Kf2 Nde6 41.Rda4 Kd7 42.Ke1 h5 43.h4 Kc8
44.Kd2 Kd7 45.Kc2 Kc8 46.a3 Rba8 47.Be2 Kd7 48.Rb4 Nxa6 49.Bxa6 Rxa6 50.Rxa6
Rxa6 51.a4 Ra8 52.Kc3 Kc7 53.a5 Kd7 54.Rb6 Nc7 55.Kd4 Nb5+ 56.Ke5 Re8+ 57.Kf6
d4 58.Nxd4 Nxd4 59.exd4 e3 60.Rb1 e2 61.Re1 Re3 62.a6 Rxg3 63.Rxe2 Kc7 64.Rb2
Ra3 65.Rb7+ Kc8 66.Kxg6 Rxa6 67.Rb6 {#r} 1-0

[Event "9th Capo d'Orso Open 2017"]
[Site "Porto Mannu Palau ITA"]
[Date "2017.06.06"]
[Round "4.5"]
[White "Studer,N"]
[Black "Deglmann,L"]
[Result "1-0"]
[WhiteElo "2489"]
[BlackElo "2285"]

1.d4 f5 2.Nf3 Nf6 3.g3 g6 4.Bg2 Bg7 5.O-O O-O 6.c4 c6 7.Nc3 Na6 8.Qb3 Kh8
9.Bf4 d6 10.Rad1 Nh5 11.Bc1 Qc7 12.Qa3 Rb8 13.b4 Qb6 14.Bg5 Nf6 15.Rb1 Be6
16.c5 Qd8 17.cxd6 exd6 18.b5 Nc7 19.bxc6 bxc6 20.Rxb8 Qxb8 21.Qxd6 Nfd5
22.Nxd5 Bxd5 23.Bf4 Na6 24.Qe7 Qe8 25.Qxe8 Rxe8 26.e3 Nb4 27.a3 Nd3 28.Rb1
Nxf4 29.gxf4 Bf8 30.Ne5 Bxa3 31.Ra1 Bd6 32.Bxd5 {#r} 1-0

[Event "18th ch-EUR Indiv 2017"]
[Site "Minsk BLR"]
[Date "2017.06.06"]
[Round "7.71"]
[White "Can,E"]
[Black "Minasian,Art"]
[Result "1-0"]
[WhiteElo "2589"]
[BlackElo "2480"]

1.d4 d5 2.Nf3 e6 3.c4 c6 4.Nbd2 f5 5.g3 Nf6 6.Bg2 Bd6 7.O-O O-O 8.Qc2 Nbd7
9.Ne1 Qe7 10.Nd3 b6 11.Nf3 Bb7 12.Bf4 c5 13.Bxd6 Qxd6 14.cxd5 Bxd5 15.Nf4 Be4
16.Qb3 Nd5 17.Nxd5 exd5 18.dxc5 bxc5 19.Rad1 Rab8 20.Qa3 Rb6 21.b3 Ra6 22.Qb2
Qf6 23.Qxf6 Nxf6 24.Rd2 Re8 25.Rc1 Ra5 26.e3 h6 27.Ne1 d4 28.exd4 cxd4 29.f3
Bd5 30.Kf2 Bf7 31.Nd3 Nd5 32.Rc5 Ra3 33.Nc1 Nb4 34.Bf1 a5 35.Bb5 Rd8 36.h4 Bg6
37.Bc4+ Kh7 38.Rc7 f4 39.gxf4 h5 40.Rc5 Rf8 41.Kg3 Rf6 42.Rg5 Nc6 43.Nd3 Kh6
44.Ne5 Ne7 45.Rg2 Be8 46.Kh3 g6 47.Bd3 Nd5 48.Nxg6 a4 49.Rxd5 Bxg6 50.f5 Bh7
51.Ra5 Rb6 52.Kg3 Kg7 53.Kf4+ Kf6 54.Ra7 {#r} 1-0

[Event "8th Dolomiti Open 2017"]
[Site "Forni di Sopra ITA"]
[Date "2017.06.11"]
[Round "2.6"]
[White "Barp,Alberto"]
[Black "Naumkin,I"]
[Result "1-0"]
[WhiteElo "2233"]
[BlackElo "2401"]

1.d4 e6 2.c4 f5 3.g3 Nf6 4.Bg2 Bb4+ 5.Bd2 Bxd2+ 6.Qxd2 O-O 7.Nc3 d6 8.Nf3 Nc6
9.Rd1 Ne7 10.O-O Ng6 11.Rfe1 Qe7 12.e4 f4 13.e5 dxe5 14.Nxe5 Nxe5 15.dxe5 Ng4
16.Re4 f3 17.Bxf3 Nxh2 18.Bg2 Nf3+ 19.Bxf3 Rxf3 20.Qd8+ Qxd8 21.Rxd8+ Rf8
22.Red4 b6 23.Nb5 c6 24.Rxf8+ Kxf8 25.Rf4+ Kg8 26.Nd6 Bd7 27.Rf7 Rd8 28.g4 c5
29.f4 a5 30.Kf2 a4 31.Ke3 h6 32.f5 h5 33.f6 gxf6 34.exf6 Bc6 35.Rg7+ Kf8
36.gxh5 Rxd6 37.h6 Rd4 38.h7 Re4+ 39.Kd3 Rh4 40.Rg8+ Kf7 41.h8=Q Rxh8 42.Rxh8
b5 43.Rc8 bxc4+ 44.Kc3 Bd5 45.Rxc5 Kxf6 46.Ra5 Bc6 47.Kxc4 {#r} 1-0

[Event "39th Nezhmetdinov Mem"]
[Site "Kazan RUS"]
[Date "2017.06.08"]
[Round "9.10"]
[White "Swapnil,SD"]
[Black "Ponfilenok,V"]
[Result "1-0"]
[WhiteElo "2533"]
[BlackElo "2375"]

1.d4 e6 2.Nf3 f5 3.g3 Nf6 4.Bg2 d5 5.O-O Bd6 6.c4 c6 7.Nc3 O-O 8.Qc2 Qe8 9.Rb1
Nbd7 10.b4 dxc4 11.b5 c5 12.dxc5 Nxc5 13.Nd2 Bd7 14.Nxc4 Be7 15.Bf4 Rc8
16.Rfc1 Qh5 17.Bd6 Bxd6 18.Nxd6 Rc7 19.Na4 b6 20.Nxc5 Rxc5 21.Qd2 Rxc1+
22.Rxc1 f4 23.gxf4 Qh4 24.e3 g5 25.Rc4 e5 26.fxe5 Ng4 27.h3 Qxf2+ 28.Qxf2 Nxf2
29.Bd5+ Kh8 30.e6 Nxh3+ 31.Kg2 {#r} 1-0

[Event "10th Mayors Cup Open 2017"]
[Site "Mumbai IND"]
[Date "2017.06.08"]
[Round "7.14"]
[White "Iniyan,P"]
[Black "Ramakrishna,J"]
[Result "1-0"]
[WhiteElo "2392"]
[BlackElo "2157"]

1.d4 f5 2.c4 Nf6 3.Nf3 e6 4.g3 d5 5.Bg2 c6 6.O-O Bd6 7.b3 Qe7 8.Bb2 O-O 9.Nbd2
Bd7 10.Qc2 Be8 11.Ne5 Nbd7 12.Ndf3 Bh5 13.Ne1 g5 14.N1d3 Ng4 15.Nxg4 Bxg4
16.f3 Bh5 17.e4 fxe4 18.fxe4 Bg6 19.Qd2 dxe4 20.Nf2 e5 21.Nxe4 Bxe4 22.Bxe4
exd4 23.Rfe1 Qg7 24.Bxd4 Qxd4+ 25.Qxd4 Bc5 26.Bxh7+ Kxh7 27.Re7+ Kg6 28.Rg7+
Kh6 29.Rxd7 Bxd4+ 30.Rxd4 Rad8 31.Rad1 Rxd4 32.Rxd4 Rf7 33.Kg2 Kh5 34.h3 Re7
35.Kf2 a5 36.Kf3 Rf7+ 37.Ke3 Kg6 38.Rd6+ Kf5 39.g4+ {#r} 1-0